[Event "NB2 Barcza csoport"]
[Site "Kazincbarcika"]
[Date "2024.11.03"]
[Round "1.5"]
[White "Dudas, Peter"]
[Black "Balazs, Ladislav"]
[Result "0-1"]
[WhiteElo "2158"]
[BlackElo "2021"]
[PlyCount "66"]
[EventDate "2024.11.03"]
[EventType "team-tourn"]
[EventRounds "9"]
[EventCountry "HUN"]
[Source "chess.hu"]
[SourceDate "2024.11.04"]
[WhiteTeam "CLUB-MATE Edeleny 1"]
[BlackTeam "Kazincbarcika VSC"]
[WhiteTeamCountry "HUN"]
[BlackTeamCountry "HUN"]

1. d4 Nf6 2. c4 c5 3. d5 b5 4. Nf3 e6 5. Qc2 Na6 6. e4 Nb4 7. Qe2 bxc4 8. Nc3
Nd3+ 9. Kd1 Ng4 10. Be3 Rb8 11. Rb1 Qa5 12. Ne1 Nxe3+ 13. Qxe3 Qxc3 14. Nxd3
Qd4 15. Qxd4 cxd4 16. Ne5 c3 17. Kc2 f6 18. Nf3 Bc5 19. b4 Bb6 20. a4 e5 21. d6
Bb7 22. Bd3 a6 23. Rhe1 O-O 24. Ng1 Rfc8 25. f3 Kf7 26. a5 Ba7 27. b5 axb5 28.
Bxb5 Ke6 29. Ne2 Kxd6 30. Bd3 Bc6 31. Rxb8 Rxb8 32. Rb1 Rxb1 33. Kxb1 Kc5 0-1

[Event "NB2 Barcza csoport"]
[Site "Kazincbarcika"]
[Date "2024.11.03"]
[Round "1.6"]
[White "Marko, Arpad"]
[Black "Kristof, Peter"]
[Result "0-1"]
[WhiteElo "1877"]
[BlackElo "2062"]
[PlyCount "64"]
[EventDate "2024.11.03"]
[EventType "team-tourn"]
[EventRounds "9"]
[EventCountry "HUN"]
[Source "chess.hu"]
[SourceDate "2024.11.04"]
[WhiteTeam "Kazincbarcika VSC"]
[BlackTeam "CLUB-MATE Edeleny 1"]
[WhiteTeamCountry "HUN"]
[BlackTeamCountry "HUN"]

1. c4 e5 2. Nc3 Nc6 3. g3 g6 4. Bg2 Bg7 5. Nf3 Nge7 6. d3 O-O 7. O-O d6 8. Rb1
a5 9. Bd2 h6 10. b3 Be6 11. a3 Qd7 12. b4 axb4 13. axb4 Bh3 14. Qb3 Bxg2 15.
Kxg2 Nd4 16. Nxd4 exd4 17. Nd1 Kh7 18. Nb2 f5 19. Ra1 Rae8 20. Rfe1 g5 21. c5
d5 22. Ra7 Rb8 23. b5 f4 24. Qa4 fxg3 25. hxg3 Nc8 26. Ra5 Qf5 27. f3 b6 28.
cxb6 Nxb6 29. Qc2 Rbe8 30. Ra7 Rxe2+ 31. Rxe2 Qxf3+ 32. Kh3 g4+ 0-1

[Event "NB2 Barcza csoport"]
[Site "Kazincbarcika"]
[Date "2024.11.03"]
[Round "1.7"]
[White "Ladanyi, Tibor"]
[Black "Fazekas, Istvan"]
[Result "1-0"]
[WhiteElo "2043"]
[BlackElo "1865"]
[PlyCount "75"]
[EventDate "2024.11.03"]
[EventType "team-tourn"]
[EventRounds "9"]
[EventCountry "HUN"]
[Source "chess.hu"]
[SourceDate "2024.11.04"]
[WhiteTeam "CLUB-MATE Edeleny 1"]
[BlackTeam "Kazincbarcika VSC"]
[WhiteTeamCountry "HUN"]
[BlackTeamCountry "HUN"]

1. d4 d5 2. c4 e6 3. Nc3 Nf6 4. cxd5 exd5 5. Bg5 Be7 6. e3 h6 7. Bh4 c6 8. Qc2
Be6 9. Bd3 Nbd7 10. Nge2 Nb6 11. O-O O-O 12. f3 Re8 13. Rad1 Rc8 14. h3 Nh5 15.
Bf2 Bh4 16. g3 Be7 17. g4 Bh4 18. gxh5 Bxh3 19. Nf4 Qg5+ 20. Kh2 Bxf1 21. Rxf1
Re7 22. Rg1 Qf6 23. Rg4 Bg5 24. a4 Bxf4+ 25. Rxf4 Qd6 26. Ne2 Qb4 27. b3 Rce8
28. Ng3 Rc7 29. Nf5 Kh8 30. Rg4 Rg8 31. Bg3 Rcc8 32. Bd6 Qa5 33. Qg2 Nd7 34.
Rxg7 Qc3 35. Bc2 Rce8 36. Bf4 Nf6 37. Be5 Rxe5 38. Rxg8+ 1-0

[Event "NB2 Barcza csoport"]
[Site "Kazincbarcika"]
[Date "2024.11.03"]
[Round "1.8"]
[White "Jonizs, Zoltan"]
[Black "Bako, Martin"]
[Result "0-1"]
[WhiteElo "1837"]
[BlackElo "1970"]
[PlyCount "40"]
[EventDate "2024.11.03"]
[EventType "team-tourn"]
[EventRounds "9"]
[EventCountry "HUN"]
[Source "chess.hu"]
[SourceDate "2024.11.04"]
[WhiteTeam "Kazincbarcika VSC"]
[BlackTeam "CLUB-MATE Edeleny 1"]
[WhiteTeamCountry "HUN"]
[BlackTeamCountry "HUN"]

1. e4 d5 2. exd5 Qxd5 3. Nc3 Qa5 4. d4 c6 5. Nf3 Nf6 6. Bd2 Bf5 7. Ne4 Qc7 8.
Nxf6+ gxf6 9. Nh4 Bg6 10. Nxg6 hxg6 11. g3 Nd7 12. Bc4 e6 13. Be3 O-O-O 14. Qf3
c5 15. dxc5 Bxc5 16. Bb3 Ne5 17. Qe2 Qc6 18. f3 Nxf3+ 19. Kf2 Rd2 20. Qxd2 Nxd2
0-1

[Event "NB2 Barcza csoport"]
[Site "Kazincbarcika"]
[Date "2024.11.03"]
[Round "1.9"]
[White "Kiraly, Lilla Virag"]
[Black "Varga, Laszlo"]
[Result "1-0"]
[WhiteElo "1907"]
[BlackElo "1722"]
[PlyCount "45"]
[EventDate "2024.11.03"]
[EventType "team-tourn"]
[EventRounds "9"]
[EventCountry "HUN"]
[Source "chess.hu"]
[SourceDate "2024.11.04"]
[WhiteTeam "CLUB-MATE Edeleny 1"]
[BlackTeam "Kazincbarcika VSC"]
[WhiteTeamCountry "HUN"]
[BlackTeamCountry "HUN"]

1. e4 Nf6 2. e5 Nd5 3. d4 b5 4. Bxb5 c5 5. Be2 Bb7 6. Bf3 e6 7. c4 Qa5+ 8. Bd2
Qb6 9. cxd5 cxd4 10. dxe6 dxe6 11. Bxb7 Qxb7 12. Nf3 Nd7 13. Na3 d3 14. O-O
Bxa3 15. bxa3 a5 16. Rb1 Qd5 17. Qb3 Qe4 18. Rfe1 Qf5 19. Qb7 Rb8 20. Qc6 Rxb1
21. Rxb1 Ke7 22. Qd6+ Ke8 23. Rb7 1-0

[Event "NB2 Barcza csoport"]
[Site "Kazincbarcika"]
[Date "2024.11.03"]
[Round "1.10"]
[White "Elek, Monika"]
[Black "Juhasz, Bela"]
[Result "0-1"]
[WhiteElo "1834"]
[BlackElo "2032"]
[PlyCount "62"]
[EventDate "2024.11.03"]
[EventType "team-tourn"]
[EventRounds "9"]
[EventCountry "HUN"]
[Source "chess.hu"]
[SourceDate "2024.11.04"]
[WhiteTeam "Kazincbarcika VSC"]
[BlackTeam "CLUB-MATE Edeleny 1"]
[WhiteTeamCountry "HUN"]
[BlackTeamCountry "HUN"]

1. d4 Nf6 2. c4 g6 3. Nc3 d5 4. c5 Bg7 5. Nf3 O-O 6. Bf4 b6 7. b4 Ne4 8. Rc1
bxc5 9. bxc5 Na6 10. Qa4 Naxc5 11. Qa5 Ne6 12. Be5 Bxe5 13. dxe5 Nxc3 14. Qxc3
c5 15. h4 Qb6 16. Nd2 Bd7 17. h5 g5 18. Qg3 Kh8 19. e3 Rab8 20. f4 gxf4 21.
exf4 c4 22. f5 Rg8 23. Qc3 Nd4 24. Rb1 Nb5 25. Qf3 Qd4 26. g4 Qxe5+ 27. Kf2 Nc3
28. Rxb8 Rxb8 29. Kg1 Rb2 30. Rh2 Ne4 31. Nxc4 Qxh2# 0-1

[Event "NB2 Barcza csoport"]
[Site "Kazincbarcika"]
[Date "2024.11.03"]
[Round "1.11"]
[White "Farkas, Csaba"]
[Black "Hegyi, Szabolcs"]
[Result "1-0"]
[WhiteElo "2009"]
[BlackElo "1632"]
[PlyCount "99"]
[EventDate "2024.11.03"]
[EventType "team-tourn"]
[EventRounds "9"]
[EventCountry "HUN"]
[Source "chess.hu"]
[SourceDate "2024.11.04"]
[WhiteTeam "CLUB-MATE Edeleny 1"]
[BlackTeam "Kazincbarcika VSC"]
[WhiteTeamCountry "HUN"]
[BlackTeamCountry "HUN"]

1. d4 d5 2. c4 e6 3. cxd5 exd5 4. Nc3 Nf6 5. Bg5 c6 6. Qc2 Be7 7. e3 h6 8. Bh4
O-O 9. Bd3 Nbd7 10. Nf3 b6 11. O-O Bb7 12. Rfc1 Nh5 13. Bxe7 Qxe7 14. Rab1 c5
15. Bf5 Nhf6 16. dxc5 Nxc5 17. b4 Nce4 18. Nxe4 Nxe4 19. Qc7 Qxc7 20. Rxc7 Nd6
21. Nd4 g6 22. Bd7 Rfd8 23. Rbc1 Rab8 24. Bc6 Kf8 25. Bxb7 Rxb7 26. Rxb7 Nxb7
27. Rc7 Nd6 28. Rxa7 Rc8 29. h3 Rc1+ 30. Kh2 Nc4 31. Rd7 Ra1 32. Rxd5 Rxa2 33.
Kg3 Rb2 34. b5 Na3 35. Rd6 Nc4 36. Rc6 Rb4 37. Rc8+ Kg7 38. Rc6 Kf8 39. h4 h5
40. Kf4 Kg7 41. Ke4 Na3 42. Rxb6 Rb2 43. Kf3 Nc4 44. Rb8 Ne5+ 45. Ke4 Nd7 46.
Rd8 Nf6+ 47. Kd3 Rxf2 48. Kc4 Rxg2 49. b6 Rb2 50. Nb3 1-0

[Event "NB2 Barcza csoport"]
[Site "Kazincbarcika"]
[Date "2024.11.03"]
[Round "1.12"]
[White "Fazekas, David"]
[Black "Berecz, Kristof"]
[Result "0-1"]
[WhiteElo "1623"]
[BlackElo "1945"]
[PlyCount "74"]
[EventDate "2024.11.03"]
[EventType "team-tourn"]
[EventRounds "9"]
[EventCountry "HUN"]
[Source "chess.hu"]
[SourceDate "2024.11.04"]
[WhiteTeam "Kazincbarcika VSC"]
[BlackTeam "CLUB-MATE Edeleny 1"]
[WhiteTeamCountry "HUN"]
[BlackTeamCountry "HUN"]

1. e4 d5 2. exd5 Qxd5 3. Nc3 Qa5 4. Bc4 Nf6 5. h3 c6 6. Qf3 e6 7. Nge2 Bd6 8.
O-O Nbd7 9. Ng3 O-O 10. d4 Qd8 11. Nce4 Nxe4 12. Nxe4 Be7 13. Qg3 Kh8 14. Bg5
Bxg5 15. Nxg5 h6 16. f4 Nb6 17. Bd3 Qxd4+ 18. Kh1 f5 19. Rae1 Qf6 20. Qh4 Kg8
21. g4 Bd7 22. gxf5 exf5 23. Qh5 hxg5 24. fxg5 g6 25. Rg1 Qg7 26. Qf3 Rae8 27.
h4 Qd4 28. h5 Qh4+ 29. Kg2 Rxe1 30. Rxe1 Qxe1 31. hxg6 Qd2+ 32. Be2 Qxg5+ 33.
Kf2 Qxg6 34. Qb3+ Be6 35. Qa3 f4 36. Qe7 Qg3+ 37. Kf1 Bh3# 0-1

[Event "NB2 Barcza csoport"]
[Site "Debrecen"]
[Date "2024.11.03"]
[Round "1.1"]
[White "Torok, Marton Dr"]
[Black "Forgacs, Jozsef"]
[Result "0-1"]
[WhiteElo "1950"]
[BlackElo "2201"]
[PlyCount "104"]
[EventDate "2024.11.03"]
[EventType "team-tourn"]
[EventRounds "9"]
[EventCountry "HUN"]
[Source "chess.hu"]
[SourceDate "2024.11.04"]
[WhiteTeam "DVTK II."]
[BlackTeam "Karsol-DSBK"]
[WhiteTeamCountry "HUN"]
[BlackTeamCountry "HUN"]

1. d4 e6 2. c4 f5 3. g3 Nf6 4. Nf3 c6 5. Bg2 d5 6. O-O Bd6 7. Bf4 Bxf4 8. gxf4
O-O 9. Nc3 Qe7 10. Rc1 Bd7 11. Na4 Be8 12. Nc5 Ne4 13. Qb3 Nxc5 14. dxc5 Na6
15. cxd5 cxd5 16. Qa3 Nc7 17. b4 Bb5 18. Rc2 Rfc8 19. Rfc1 Qe8 20. Qe3 a5 21.
a3 axb4 22. axb4 Ra6 23. Nd4 Bd7 24. Rc3 Nb5 25. Nxb5 Bxb5 26. Qe5 Qf7 27. e3
Ra4 28. Rb3 Bc4 29. Rb2 h6 30. Bf1 Bxf1 31. Kxf1 Rca8 32. b5 Kh7 33. c6 bxc6
34. bxc6 Ra1 35. Rbc2 Rxc1+ 36. Rxc1 Ra2 37. Qd4 Qc7 38. Qc3 Ra6 39. Ke2 Kg8
40. Qc5 Kf7 41. Qb5 Rb6 42. Qa4 g5 43. Kf3 d4 44. Ke2 gxf4 45. exd4 Kf6 46. Qa8
Rb8 47. Qa3 Rc8 48. Qb4 f3+ 49. Ke3 e5 50. d5 Qg7 51. Qh4+ Qg5+ 52. Qxg5+ hxg5
0-1

[Event "NB2 Barcza csoport"]
[Site "Debrecen"]
[Date "2024.11.03"]
[Round "1.2"]
[White "Debreceni, Mate"]
[Black "Adam, Zoltan"]
[Result "1-0"]
[WhiteElo "2088"]
[BlackElo "1878"]
[PlyCount "69"]
[EventDate "2024.11.03"]
[EventType "team-tourn"]
[EventRounds "9"]
[EventCountry "HUN"]
[Source "chess.hu"]
[SourceDate "2024.11.04"]
[WhiteTeam "Karsol-DSBK"]
[BlackTeam "DVTK II."]
[WhiteTeamCountry "HUN"]
[BlackTeamCountry "HUN"]

1. e4 c6 2. d4 d5 3. exd5 cxd5 4. Bd3 Nc6 5. c3 g6 6. Bf4 Nf6 7. Nd2 Bf5 8.
Bxf5 gxf5 9. Qb3 Qb6 10. Ngf3 e6 11. O-O Qxb3 12. axb3 Nh5 13. Bg3 Nxg3 14.
hxg3 Bh6 15. b4 f4 16. g4 Rg8 17. Ra2 f6 18. Rfa1 Rxg4 19. b5 Ne7 20. Rxa7 Rb8
21. Nb3 b6 22. Nc1 Rg7 23. Nd3 Nc8 24. Rxg7 Bxg7 25. Nxf4 Kf7 26. Re1 Nd6 27.
Nxe6 Nxb5 28. Nxg7 Kxg7 29. Re7+ Kg6 30. Rd7 Ra8 31. Nh4+ Kg5 32. Rxd5+ Kxh4
33. Rxb5 Kg4 34. Rxb6 f5 35. d5 1-0

[Event "NB2 Barcza csoport"]
[Site "Debrecen"]
[Date "2024.11.03"]
[Round "1.3"]
[White "Torok, Vilmos"]
[Black "Kanyadi, Zoltan"]
[Result "0-1"]
[WhiteElo "1755"]
[BlackElo "1984"]
[PlyCount "82"]
[EventDate "2024.11.03"]
[EventType "team-tourn"]
[EventRounds "9"]
[EventCountry "HUN"]
[Source "chess.hu"]
[SourceDate "2024.11.04"]
[WhiteTeam "DVTK II."]
[BlackTeam "Karsol-DSBK"]
[WhiteTeamCountry "HUN"]
[BlackTeamCountry "HUN"]

1. e4 c5 2. Nf3 a6 3. d4 cxd4 4. Nxd4 Nf6 5. Nc3 e5 6. Nb3 Bb4 7. Bd3 d5 8.
exd5 Nxd5 9. Bd2 Nxc3 10. Bxc3 Bxc3+ 11. bxc3 Qc7 12. Qd2 Be6 13. O-O Nd7 14.
Rab1 O-O 15. f4 Rac8 16. f5 Bxb3 17. Rxb3 e4 18. Bxe4 Nc5 19. Rb4 Nxe4 20. Rxe4
Qxc3 21. Qxc3 Rxc3 22. Rf2 Rfc8 23. Re7 R3c7 24. Rxc7 Rxc7 25. Re2 Kf8 26. Kf2
Rc3 27. Ke1 b5 28. Kd2 Ra3 29. Re4 Rxa2 30. Rh4 h6 31. f6 a5 32. fxg7+ Kxg7 33.
Re4 b4 34. Rg4+ Kf6 35. Rg3 Ra3 36. Rg4 Kf5 37. Rh4 Kg5 38. Re4 f5 39. Re5 a4
40. Rd5 b3 41. g3 Ra2 0-1

[Event "NB2 Barcza csoport"]
[Site "Debrecen"]
[Date "2024.11.03"]
[Round "1.4"]
[White "Kelemen, Imre"]
[Black "Gyorgy, Balazs"]
[Result "1/2-1/2"]
[WhiteElo "2010"]
[BlackElo "1732"]
[PlyCount "37"]
[EventDate "2024.11.03"]
[EventType "team-tourn"]
[EventRounds "9"]
[EventCountry "HUN"]
[Source "chess.hu"]
[SourceDate "2024.11.04"]
[WhiteTeam "Karsol-DSBK"]
[BlackTeam "DVTK II."]
[WhiteTeamCountry "HUN"]
[BlackTeamCountry "HUN"]

1. Nf3 Nf6 2. g3 e6 3. Bg2 d5 4. O-O Be7 5. c4 c6 6. Nc3 Nbd7 7. b3 O-O 8. d4
a6 9. Qc2 b5 10. Re1 Bb7 11. c5 a5 12. Bd2 Re8 13. Rac1 Bf8 14. Nxb5 cxb5 15.
c6 Bxc6 16. Qxc6 b4 17. Bf4 Ne4 18. Nd2 Nc3 19. a4 1/2-1/2

[Event "NB2 Barcza csoport"]
[Site "Debrecen"]
[Date "2024.11.03"]
[Round "1.5"]
[White "Juhasz, Sandor"]
[Black "Bodnar, Mate"]
[Result "0-1"]
[WhiteElo "1829"]
[BlackElo "2051"]
[PlyCount "62"]
[EventDate "2024.11.03"]
[EventType "team-tourn"]
[EventRounds "9"]
[EventCountry "HUN"]
[Source "chess.hu"]
[SourceDate "2024.11.04"]
[WhiteTeam "DVTK II."]
[BlackTeam "Karsol-DSBK"]
[WhiteTeamCountry "HUN"]
[BlackTeamCountry "HUN"]

1. d4 Nf6 2. Nc3 e6 3. Bf4 Bb4 4. a3 Bxc3+ 5. bxc3 d5 6. e3 O-O 7. h3 c5 8. Ne2
Nc6 9. Bg5 e5 10. Bxf6 Qxf6 11. dxc5 Rd8 12. Ng3 Qe7 13. Be2 Qxc5 14. O-O Qxc3
15. Qd3 Qxd3 16. cxd3 d4 17. Rfd1 Be6 18. Rab1 b6 19. Rbc1 Ne7 20. e4 Rdc8 21.
Bg4 Bxg4 22. hxg4 Rxc1 23. Rxc1 Rc8 24. Rxc8+ Nxc8 25. Kf1 Nd6 26. Nf5 Nxf5 27.
gxf5 Kf8 28. Ke2 Ke7 29. Kd2 a5 30. a4 Kd6 31. Kc2 g5 0-1

[Event "NB2 Barcza csoport"]
[Site "Debrecen"]
[Date "2024.11.03"]
[Round "1.6"]
[White "Dani, Peter"]
[Black "Ress, Amira"]
[Result "1-0"]
[WhiteElo "1963"]
[BlackElo "1730"]
[PlyCount "67"]
[EventDate "2024.11.03"]
[EventType "team-tourn"]
[EventRounds "9"]
[EventCountry "HUN"]
[Source "chess.hu"]
[SourceDate "2024.11.04"]
[WhiteTeam "Karsol-DSBK"]
[BlackTeam "DVTK II."]
[WhiteTeamCountry "HUN"]
[BlackTeamCountry "HUN"]

1. e4 e6 2. d4 d5 3. exd5 exd5 4. Nf3 Nf6 5. Bd3 Bd6 6. Bg5 O-O 7. O-O h6 8.
Bh4 Bg4 9. Nbd2 Re8 10. Re1 Nbd7 11. Rxe8+ Qxe8 12. c4 Bb4 13. Qb3 Bxd2 14.
Nxd2 dxc4 15. Qxc4 c6 16. Bg3 Nd5 17. Qb3 b6 18. Rc1 N7f6 19. h3 Be6 20. Qa4 b5
21. Qa5 Nb6 22. Be5 Nfd5 23. Ne4 Bd7 24. Qd2 f6 25. Bg3 Qf8 26. Nc5 Be8 27. Qe2
Nd7 28. Qe4 Nxc5 29. Qh7+ Kf7 30. dxc5 Ne7 31. Bd6 Qg8 32. Qe4 Nc8 33. Qg6+ Ke6
34. Qg4+ 1-0

[Event "NB2 Barcza csoport"]
[Site "Debrecen"]
[Date "2024.11.03"]
[Round "1.7"]
[White "Toth, Kinga"]
[Black "Szilagyi, Tibor"]
[Result "0-1"]
[WhiteElo "1649"]
[BlackElo "2043"]
[PlyCount "70"]
[EventDate "2024.11.03"]
[EventType "team-tourn"]
[EventRounds "9"]
[EventCountry "HUN"]
[Source "chess.hu"]
[SourceDate "2024.11.04"]
[WhiteTeam "DVTK II."]
[BlackTeam "Karsol-DSBK"]
[WhiteTeamCountry "HUN"]
[BlackTeamCountry "HUN"]

1. e4 e6 2. d4 d5 3. Nd2 Nf6 4. e5 Nfd7 5. f4 c5 6. Ndf3 Nc6 7. g3 Qb6 8. c3
Be7 9. Kf2 O-O 10. Kg2 f6 11. Bd3 cxd4 12. cxd4 f5 13. Ne2 Nb4 14. Bb1 Qd8 15.
a3 Nc6 16. h4 Re8 17. Ng5 Nf8 18. Be3 Na5 19. b4 Nc4 20. Bf2 a5 21. bxa5 Nxa3
22. Bd3 Rxa5 23. g4 b5 24. Ng3 g6 25. gxf5 exf5 26. Qb3 Nc4 27. Rxa5 Qxa5 28.
h5 Bxg5 29. fxg5 f4 30. hxg6 hxg6 31. Ne2 f3+ 32. Kg3 fxe2 33. Qc2 Qd2 34. Bxg6
Qxg5+ 35. Kf3 Qg4# 0-1

[Event "NB2 Barcza csoport"]
[Site "Debrecen"]
[Date "2024.11.03"]
[Round "1.8"]
[White "Szava, Miklos"]
[Black "Kovacs, Mate"]
[Result "0-1"]
[WhiteElo "1983"]
[BlackElo "1596"]
[PlyCount "106"]
[EventDate "2024.11.03"]
[EventType "team-tourn"]
[EventRounds "9"]
[EventCountry "HUN"]
[Source "chess.hu"]
[SourceDate "2024.11.04"]
[WhiteTeam "Karsol-DSBK"]
[BlackTeam "DVTK II."]
[WhiteTeamCountry "HUN"]
[BlackTeamCountry "HUN"]

1. e4 c5 2. Nf3 d6 3. c3 Nf6 4. h3 g6 5. Bc4 Nxe4 6. Qa4+ Nc6 7. Bxf7+ Kxf7 8.
Qxe4 Bg7 9. Ng5+ Ke8 10. d3 d5 11. Qf3 Ne5 12. Qe2 h6 13. f4 hxg5 14. fxe5 g4
15. h4 Qc7 16. Bf4 g5 17. Bxg5 Qxe5 18. Nd2 Qxe2+ 19. Kxe2 Bf5 20. Rhf1 e6 21.
Rae1 Kd7 22. Kd1 Rae8 23. Nb3 b6 24. Kd2 Ref8 25. Nc1 Kc6 26. a4 Kd6 27. a5 b5
28. b4 c4 29. dxc4 dxc4 30. Ne2 Rf7 31. Ke3 Rd7 32. Rd1+ Kc7 33. Rxd7+ Kxd7 34.
Nd4 a6 35. Rd1 Bd3 36. g3 Rf8 37. Re1 e5 38. Kd2 Rf2+ 39. Ke3 Rf7 40. Ne2 Rf3+
41. Kd2 Bxe2 42. Rxe2 Rxg3 43. h5 Rh3 44. h6 Bxh6 45. Bxh6 Rxh6 46. Rxe5 Rg6
47. Ke2 g3 48. Kf1 g2+ 49. Kg1 Rg3 50. Rh5 Rxc3 51. Rh6 Rd3 52. Kxg2 c3 53. Rh5
Rd4 0-1

[Event "NB2 Barcza csoport"]
[Site "Debrecen"]
[Date "2024.11.03"]
[Round "1.9"]
[White "Toth, Antal Kazimierz"]
[Black "Borbely, Zsombor"]
[Result "0-1"]
[WhiteElo "1617"]
[BlackElo "1866"]
[PlyCount "70"]
[EventDate "2024.11.03"]
[EventType "team-tourn"]
[EventRounds "9"]
[EventCountry "HUN"]
[Source "chess.hu"]
[SourceDate "2024.11.04"]
[WhiteTeam "DVTK II."]
[BlackTeam "Karsol-DSBK"]
[WhiteTeamCountry "HUN"]
[BlackTeamCountry "HUN"]

1. e4 c5 2. Nf3 e6 3. Nc3 a6 4. d4 cxd4 5. Nxd4 Qc7 6. Bd3 Nf6 7. O-O Be7 8.
Be3 b5 9. a3 Bb7 10. f3 O-O 11. Nce2 d5 12. exd5 Nxd5 13. Bd2 Bf6 14. c3 Nd7
15. Bc2 Ne5 16. Bb3 Nc4 17. Bxc4 bxc4 18. Qc1 g6 19. Bg5 Bg7 20. Bh6 Bxh6 21.
Qxh6 e5 22. Nc2 Qb6+ 23. Kh1 Qxb2 24. Qd2 Ne3 25. Rfc1 Nxc2 26. Qxc2 Qxc2 27.
Rxc2 Rfd8 28. Ng3 Bc6 29. Re1 Rab8 30. h3 Rb3 31. Ra1 Rd3 32. Ne2 e4 33. f4 Ba4
34. Rcc1 Rb2 35. Nd4 Rg3 0-1

[Event "NB2 Barcza csoport"]
[Site "Debrecen"]
[Date "2024.11.03"]
[Round "1.10"]
[White "Bekesi, Aron"]
[Black "Bardos, Bercel Istvan"]
[Result "1/2-1/2"]
[WhiteElo "1889"]
[BlackElo "1547"]
[PlyCount "96"]
[EventDate "2024.11.03"]
[EventType "team-tourn"]
[EventRounds "9"]
[EventCountry "HUN"]
[Source "chess.hu"]
[SourceDate "2024.11.04"]
[WhiteTeam "Karsol-DSBK"]
[BlackTeam "DVTK II."]
[WhiteTeamCountry "HUN"]
[BlackTeamCountry "HUN"]

1. e4 c6 2. d4 d5 3. e5 Bf5 4. h4 h6 5. g4 Bh7 6. e6 fxe6 7. Bd3 Bxd3 8. Qxd3
Nf6 9. f4 Ne4 10. Nd2 Nd6 11. Ngf3 Qc8 12. Ne5 Nd7 13. b3 Nxe5 14. fxe5 Nb5 15.
Bb2 Kd7 16. O-O-O Qe8 17. h5 g5 18. c4 Nc7 19. Rhf1 Bg7 20. Kb1 Rf8 21. c5 Rxf1
22. Rxf1 Qg8 23. Kc2 Rf8 24. Bc3 Nb5 25. a4 Nxc3 26. Kxc3 Rxf1 27. Qxf1 Qf8 28.
Qxf8 Bxf8 29. Kb4 Kc7 30. Ka5 Bg7 31. Nb1 a6 32. Nc3 Bf8 33. b4 Bg7 34. b5 cxb5
35. axb5 axb5 36. Nxb5+ Kc6 37. Kb4 b6 38. cxb6 Kxb6 39. Nc3 Bf8 40. Na4+ Kc6
41. Nc5 Bg7 42. Nxe6 Bh8 43. Nf8 Bg7 44. Ng6 Kb6 45. Ka4 e6 46. Kb4 Kc6 47. Ka5
Kc7 48. Kb5 Kb7 1/2-1/2

[Event "NB2 Barcza csoport"]
[Site "Debrecen"]
[Date "2024.11.03"]
[Round "1.11"]
[White "Torok, Balazs"]
[Black "Barna, Peter"]
[Result "0-1"]
[WhiteElo "1506"]
[BlackElo "1817"]
[PlyCount "74"]
[EventDate "2024.11.03"]
[EventType "team-tourn"]
[EventRounds "9"]
[EventCountry "HUN"]
[Source "chess.hu"]
[SourceDate "2024.11.04"]
[WhiteTeam "DVTK II."]
[BlackTeam "Karsol-DSBK"]
[WhiteTeamCountry "HUN"]
[BlackTeamCountry "HUN"]

1. e4 e5 2. Nf3 Nf6 3. Nc3 Bb4 4. Bc4 Nc6 5. a3 Be7 6. d4 Nxe4 7. Nxe4 d5 8.
Bxd5 Qxd5 9. Nc3 Qd8 10. Be3 Bg4 11. d5 Bxf3 12. Qxf3 Nd4 13. Bxd4 exd4 14. Ne2
Bf6 15. Qe4+ Qe7 16. Qxe7+ Kxe7 17. O-O-O Rad8 18. Nxd4 Rxd5 19. Nf3 Rhd8 20.
Rhe1+ Kf8 21. Rd2 Rxd2 22. Nxd2 Bxb2+ 23. Kxb2 Rxd2 24. Rf1 Ke7 25. Kc3 Rd6 26.
Kb4 c5+ 27. Kb3 b5 28. c4 Rd3+ 29. Kb2 bxc4 30. Rc1 Rd2+ 31. Rc2 Rxc2+ 32. Kxc2
Ke6 33. Kc3 Kd5 34. a4 a5 35. f3 f5 36. h3 f4 37. h4 h5 0-1

[Event "NB2 Barcza csoport"]
[Site "Edeleny"]
[Date "2024.11.17"]
[Round "2.1"]
[White "Forgacs, Jozsef"]
[Black "Karolyi, Tibor"]
[Result "1/2-1/2"]
[WhiteElo "2201"]
[BlackElo "2318"]
[PlyCount "25"]
[EventDate "2024.11.03"]
[EventType "team-tourn"]
[EventRounds "9"]
[EventCountry "HUN"]
[Source "chess.hu"]
[SourceDate "2024.11.17"]
[WhiteTeam "Karsol-DSBK"]
[BlackTeam "CLUB-MATE Edeleny 1"]
[WhiteTeamCountry "HUN"]
[BlackTeamCountry "HUN"]

1. c4 c6 2. d4 d5 3. cxd5 cxd5 4. Nc3 Nf6 5. Nf3 Nc6 6. Bf4 a6 7. e3 Bf5 8. Bd3
Bxd3 9. Qxd3 e6 10. a3 Bd6 11. Bxd6 Qxd6 12. O-O O-O 13. Rac1 1/2-1/2

[Event "NB2 Barcza csoport"]
[Site "Edeleny"]
[Date "2024.11.17"]
[Round "2.2"]
[White "Kiss, Pal"]
[Black "Debreceni, Mate"]
[Result "1/2-1/2"]
[WhiteElo "2244"]
[BlackElo "2088"]
[PlyCount "69"]
[EventDate "2024.11.03"]
[EventType "team-tourn"]
[EventRounds "9"]
[EventCountry "HUN"]
[Source "chess.hu"]
[SourceDate "2024.11.17"]
[WhiteTeam "CLUB-MATE Edeleny 1"]
[BlackTeam "Karsol-DSBK"]
[WhiteTeamCountry "HUN"]
[BlackTeamCountry "HUN"]

1. d4 Nf6 2. c4 c5 3. d5 b5 4. cxb5 a6 5. bxa6 g6 6. Nc3 Bxa6 7. e4 Bxf1 8.
Kxf1 d6 9. Nf3 Bg7 10. h3 O-O 11. g3 Nbd7 12. Kg2 Qa5 13. Re1 Rfb8 14. e5 Nxe5
15. Nxe5 dxe5 16. Rxe5 Rb7 17. Qf3 Ne8 18. Re2 Nd6 19. Ne4 Nf5 20. Bd2 Nd4 21.
Bxa5 Nxf3 22. Bc3 Nd4 23. Nxc5 Nxe2 24. Nxb7 Bxc3 25. bxc3 Nxc3 26. a3 Nxd5 27.
a4 Nb4 28. a5 Na6 29. Rb1 Kf8 30. Rb6 Ke8 31. Kf3 Nb8 32. Ke4 Kd7 33. Kd5 Kc7
34. Rb5 Nc6 35. Nc5 1/2-1/2

[Event "NB2 Barcza csoport"]
[Site "Edeleny"]
[Date "2024.11.17"]
[Round "2.3"]
[White "Kanyadi, Zoltan"]
[Black "Vodila, Martin Botond"]
[Result "1-0"]
[WhiteElo "1984"]
[BlackElo "2243"]
[PlyCount "103"]
[EventDate "2024.11.03"]
[EventType "team-tourn"]
[EventRounds "9"]
[EventCountry "HUN"]
[Source "chess.hu"]
[SourceDate "2024.11.17"]
[WhiteTeam "Karsol-DSBK"]
[BlackTeam "CLUB-MATE Edeleny 1"]
[WhiteTeamCountry "HUN"]
[BlackTeamCountry "HUN"]

1. b3 Nf6 2. Bb2 g6 3. g4 Bg7 4. Bg2 d5 5. h3 O-O 6. e3 c5 7. Ne2 Nc6 8. d3 d4
9. e4 e5 10. Ng3 Bh6 11. Bc1 Bf4 12. O-O Qc7 13. Nd2 Nd8 14. a4 b6 15. Nc4 Ne6
16. Ne2 Bxc1 17. Qxc1 g5 18. Ng3 Nf4 19. Qd1 Re8 20. Re1 Rb8 21. Nf5 Bxf5 22.
exf5 Nxg2 23. Kxg2 Nd5 24. Qf3 Nf4+ 25. Kg1 f6 26. Nd2 Kf7 27. Ne4 Rh8 28. h4
gxh4 29. Kh2 Rbg8 30. Rg1 h6 31. a5 b5 32. a6 Rc8 33. Qd1 Rhg8 34. f3 Rg7 35.
Qe1 h3 36. Qh4 Qc6 37. Ra5 Rb8 38. Rg3 Rgg8 39. Rxh3 Nxh3 40. Kxh3 Qb6 41. Rxb5
Qxa6 42. Rxb8 Rxb8 43. Qxh6 Rf8 44. Qh7+ Ke8 45. Qc7 Rh8+ 46. Kg3 Kf8 47. Nd6
Rh7 48. Qd8+ Kg7 49. Qe7+ Kg8 50. Qe8+ Kg7 51. Qf7+ Kh8 52. Qf8# 1-0